| 000 | 00400nam a2200169Ia 4500 | ||
|---|---|---|---|
| 008 | 221030s9999 xx 000 0 und d | ||
| 020 | _a8174937137 | ||
| 041 | _aEnglish | ||
| 082 |
_a105.23 _bRam |
||
| 100 | _aT. Ramasamy | ||
| 245 | 0 | _aPrinciples of Management | |
| 260 |
_bHimalaya Pub House _aMumbai _c2000 |
||
| 300 | _a392 | ||
| 650 | _aManagement | ||
| 700 | _aA. A. Rangwala | ||
| 942 | _cBK | ||
| 999 |
_c1964 _d1964 |
||